| 000 | 00607nam a2200193Ia 4500 | ||
|---|---|---|---|
| 003 | GCL | ||
| 008 | 140319s9999 xx 000 0 ara d | ||
| 020 | _a6525872977 | ||
| 040 |
_aGCL / _cGCL |
||
| 082 | 0 | 4 |
_a809.8 _bح ا |
| 100 | 1 | _aحسين مجيب المصرى | |
| 245 | 1 | 0 |
_aالاندلس بين شوقى واقبال / _cحسين مجيب المصرى |
| 250 | _aالاولى | ||
| 260 |
_aالقاهرة : _bالدار الثقافية للنشر ، _c1999 |
||
| 300 |
_a231 ص ؛ _c24 سم |
||
| 650 | 0 | 4 | _aالادب المقارن |
| 650 | 0 | 4 | _aالادب الاسلامى |
| 942 |
_2ddc _cBK |
||
| 999 |
_c5139 _d5139 |
||